Design of transistorized circuits for digital computers / (Record no. 183361)
[ view plain ]
| 000 -LEADER | |
|---|---|
| fixed length control field | 01146 a2200193 4500 |
| 003 - CONTROL NUMBER IDENTIFIER | |
| control field | Nust |
| 005 - DATE AND TIME OF LATEST TRANSACTION | |
| control field | 20221221132942.0 |
| 040 ## - CATALOGING SOURCE | |
| Transcribing agency | Nust |
| 082 ## - DEWEY DECIMAL CLASSIFICATION NUMBER | |
| Classification number | 621.38412,PRE |
| 100 ## - MAIN ENTRY--PERSONAL NAME | |
| Personal name | Pressman, Abraham I. |
| 9 (RLIN) | 58744 |
| 245 ## - TITLE STATEMENT | |
| Title | Design of transistorized circuits for digital computers / |
| Statement of responsibility, etc. | Abraham I.Pressman, |
| 250 ## - EDITION STATEMENT | |
| Edition statement | 1st ed |
| 260 ## - PUBLICATION, DISTRIBUTION, ETC. | |
| Place of publication, distribution, etc. | Rider |
| Name of publisher, distributor, etc. | New York, |
| Date of publication, distribution, etc. | 1959 |
| 300 ## - PHYSICAL DESCRIPTION | |
| Extent | 316 p |
| Other physical details | illus |
| Dimensions | 24 cm |
| 505 ## - FORMATTED CONTENTS NOTE | |
| Formatted contents note | Basic Building Blocks in Digital Computers (Page-1), Logical Chains in Digital Computers (Page-11), Transistor Fundamentals (Page-34), Transistor Transient Response (Page-55), Diode Gating (Page-93), Voltage Switching Diode Gate Logic with Transistor Inverting Amplifiers (Page-114), Current Switching Diode Gate Logic with Transistor Inverting Amplifiers (Page-145), Resistance Logic with Transistor Inverting Amplifiers (Page-190), Direct Coupled Transistor Logic (Page-221), Miscellaneous Transistorized Logic Circuits (Page-254), Design of Flip Flop and Delay Multivibrators (Page-278). |
| 600 ## - SUBJECT ADDED ENTRY--PERSONAL NAME | |
| Personal name | Pressman, Abraham I. |
| 9 (RLIN) | 58744 |
| 650 ## - SUBJECT ADDED ENTRY--TOPICAL TERM | |
| Topical term or geographic name entry element | Design of transistorized circuits for digital computers |
| 9 (RLIN) | 105563 |
| 942 ## - ADDED ENTRY ELEMENTS (KOHA) | |
| Source of classification or shelving scheme | |
| Koha item type | Book |
| Withdrawn status | Lost status | Source of classification or shelving scheme | Damaged status | Not for loan | Permanent Location | Current Location | Shelving location | Date acquired | Full call number | Barcode | Date last seen | Price effective from | Koha item type | Public note |
|---|---|---|---|---|---|---|---|---|---|---|---|---|---|---|
| Military College of Signals (MCS) | Military College of Signals (MCS) | General Stacks | 12/12/2016 | 621.38412,PRE | MCS131 | 12/08/2016 | 12/12/2016 | Book | Almirah No.84, Shelf No.2 | |||||
| Military College of Signals (MCS) | Military College of Signals (MCS) | General Stacks | 12/12/2016 | 621.38412,PRE | MCS21351 | 12/08/2016 | 12/12/2016 | Book | Almirah No.84, Shelf No.2 | |||||
| Military College of Signals (MCS) | Military College of Signals (MCS) | General Stacks | 12/12/2016 | 621.38412,PRE | MCS21352 | 12/08/2016 | 12/12/2016 | Book | Almirah No.38, Shelf No.5 | |||||
| Military College of Signals (MCS) | Military College of Signals (MCS) | General Stacks | 12/12/2016 | 621.38412,PRE | MCS21353 | 12/08/2016 | 12/12/2016 | Book | Almirah No.38, Shelf No.5 | |||||
| Military College of Signals (MCS) | Military College of Signals (MCS) | General Stacks | 12/12/2016 | 621.38412,PRE | MCS21354 | 12/08/2016 | 12/12/2016 | Book | Almirah No.84, Shelf No.2 |
